000 00725cam a22002411 4500
001 ne 68002217
003 DLC
005 20260227111843.0
008 820901s1968 ir 000 0 pero
010 _ane 68002217
035 _a(OCoLC)8739311
040 _aDLC
_cWaU
_dDLC
042 _apremarc
043 _aa-ir---
050 0 0 _aPN6267.P4
_bT35
100 1 _aTasbīḥī, Muḥammad Ḥusayn,
_ecomp.
245 1 0 _aGanjīnah-ʼi laṭāyif,
_cbi-kūshish va bā muqaddamah-ʼi Muḥammad Ḥusayn Tasbīḥī.
260 _a[Tihrān]
_bMuʼassasah-i Intishārāt-i Bunyād,
_c[1968]
300 _a527 p. ;
_c24 cm.
500 _a"Girdāvarandah M. Fardād"
650 0 _aAnecdotes
_zIran.
700 1 _aFardād, M.
999 _c50472
_d50472